| 000 | 00956cab a2200265 4500 | ||
|---|---|---|---|
| 001 | WB3014-87 | ||
| 008 | 090401t1994 xxu||||| |||| 00| 0 eng d | ||
| 035 | _a(Sirsi) u24479 | ||
| 041 | _aeng | ||
| 245 | _aFixtures and fittings | ||
| 260 | _c1994 | ||
| 350 | _a0 | ||
| 490 |
_aEstates Gazette Case Summaries _v1994 EGCS 69 (9/4/94) |
||
| 520 | _a"Wright v Robert Leonard Developments Ltd", CA 23 March 1994, concerned sale of a show flat and contents which resulted in an action claiming that fixtures and fittings had been removed in breach of contract. | ||
| 650 | _aBREACH OF CONTRACT | ||
| 650 | _aFIXTURES AND FITTINGS | ||
| 650 | _aHOUSE SALES | ||
| 650 | _aLAW OF PROPERTY (MISCELLANEOUS PROVISIONS) ACT 1989 S2 | ||
| 650 | _aSHOW FLAT | ||
| 650 | _aSPIRO V GLENCROWN PROPERTIES LTD | ||
| 650 | _aTOOTAL CLOTHING LTD V GUINEA PROPERTIES LTD | ||
| 690 | _aPROPERTY LAW AND PRACTICE-CASE LAW | ||
| 942 | _n0 | ||
| 948 | _c04/03/1997 | ||
| 999 |
_c16416 _d16416 |
||